Plan estratégico de marketing para lácteos Santa Martha ubicada en el departamento de Jinotega 2006-07-22
Analiza el mercado actual de LATOSAM, determinando su posición frente al mercado competitivo y la forma de cómo los factores externos e internos afectan o perfeccionan el crecimiento de la compañía. Propone y orienta las estrategias de marketing para facilitar su crecimiento desarrollo y rentabi...
| Main Authors: | , , |
|---|---|
| Other Authors: | |
| Format: | Tesis Section = Libro |
| Language: | Undetermined Spanish |
| Published: |
Managua
UNI
2005
|
| Subjects: |
| LEADER | 01500nam a2200301Ia 4500 | ||
|---|---|---|---|
| 008 | 240830s9999 xx 000 0 und d | ||
| 040 | |a BIBLIOTECA-RUPAP Mon 658.8 B858 | ||
| 041 | |a spa | ||
| 082 | |a Mon 658.8 B858 | ||
| 100 | 1 | |a Briones Siles, Deyanira | |
| 100 | 1 | |b Téllez Obando, Reina Isabel | |
| 100 | 1 | |c Canales Cano, María de la Cruz | |
| 245 | 1 | 0 | |a Plan estratégico de marketing para lácteos Santa Martha ubicada en el departamento de Jinotega 2006-07-22 |
| 260 | |a Managua |b UNI |c 2005 | ||
| 300 | |a 116 p. :il. | ||
| 500 | |a Contiene: anexos y glosarios. | ||
| 502 | |a Tesis (Ingeniero de Sistemas)- UNI, 2005. | ||
| 520 | 3 | |a Analiza el mercado actual de LATOSAM, determinando su posición frente al mercado competitivo y la forma de cómo los factores externos e internos afectan o perfeccionan el crecimiento de la compañía. Propone y orienta las estrategias de marketing para facilitar su crecimiento desarrollo y rentabilidad en el mercado de consumo de queso ricas en la ciudad de Managua. | |
| 650 | 7 | |a ADMINISTRACIÓN DE LA DISTRIBUCIÓN (MERCADO) - LÁCTEOS SANTA MARTHA | |
| 650 | 7 | |b CANALES DE DISTRIBUCIÓN - SERVICIO AL CLIENTE | |
| 650 | 7 | |c OFERTA Y DEMANDA LÁCTEOS | |
| 650 | 7 | |d ANÁLISIS FODA | |
| 650 | 7 | |e PLANEACIÓN ESTRATÉGICA - LÁCTEOS SANTA MARTHA | |
| 650 | 7 | |f ESTRATEGIAS DE COMERCIALIZACIÓN - PUBLICIDAD - LÁCTEOS SANTA MARTHA | |
| 700 | 1 | |a Tutor: |b Ampie Martínez, Javier | |
| 942 | |c BK |2 ddc | ||
| 991 | |a TESIS | ||
| 999 | |c 17619 | ||